Al-Hajj the pilgrimage and the lesser pilgrimage (Record no. 3614)
[ view plain ]
| 000 -LEADER | |
|---|---|
| fixed length control field | 00558nam a22001937a 4500 |
| 003 - CONTROL NUMBER IDENTIFIER | |
| control field | LK-CoMWRAF |
| 005 - DATE AND TIME OF LATEST TRANSACTION | |
| control field | 20230924131806.0 |
| 008 - FIXED-LENGTH DATA ELEMENTS--GENERAL INFORMATION | |
| fixed length control field | 230922b |||||||| |||| 00| 0 eng d |
| 040 ## - CATALOGING SOURCE | |
| Original cataloging agency | LK-CoMWRAF |
| Modifying agency | LK-CoMWRAF |
| Description conventions | LK-CoMWRAF |
| 041 ## - LANGUAGE CODE | |
| Language code of text/sound track or separate title | English |
| 082 ## - DEWEY DECIMAL CLASSIFICATION NUMBER | |
| Classification number | 297.352 |
| Item number | ELK |
| 942 ## - ADDED ENTRY ELEMENTS (KOHA) | |
| Koha item type | Books |
| 100 ## - MAIN ENTRY--PERSONAL NAME | |
| Personal name | El-Kholi, El-Bahay |
| 700 ## - ADDED ENTRY--PERSONAL NAME | |
| Personal name | Metwalli, Abdalla |
| Relator Term | translator |
| 245 ## - TITLE STATEMENT | |
| Title | Al-Hajj the pilgrimage and the lesser pilgrimage |
| 260 ## - PUBLICATION, DISTRIBUTION, ETC. (IMPRINT) | |
| Place of publication, distribution, etc. | Cairo : |
| Name of publisher, distributor, etc. | Supreme council for Islamic affairs, |
| Date of publication, distribution, etc. | 1964 |
| 490 ## - SERIES STATEMENT | |
| Series statement | essentials of Islam series |
| 650 ## - SUBJECT ADDED ENTRY--TOPICAL TERM | |
| Topical term or geographic name as entry element | Islam-Hajj |
| Withdrawn status | Lost status | Damaged status | Not for loan | Permanent Location | Current Location | Date acquired | Full call number | Barcode | Koha item type |
|---|---|---|---|---|---|---|---|---|---|
| Resource center, Muslim Women's Research And Action Forum | Resource center, Muslim Women's Research And Action Forum | 2023-09-22 | 297.352 ELK | RAF1271 | Books | ||||
| Resource center, Muslim Women's Research And Action Forum | Resource center, Muslim Women's Research And Action Forum | 2023-09-24 | 297.352 ELK | RAF1381 | Books | ||||
| Resource center, Muslim Women's Research And Action Forum | Resource center, Muslim Women's Research And Action Forum | 2023-09-24 | 297.352 ELK | RAF1382 | Books |

